00291nam a2200121Ia 4500003000400000005001700004008004100021020001500062040002700077100001700104245002400121260002400145OSt20240115122622.0170524s9999 xx 000 0 und d a8122400116 ciimt university meerut aSHENOY- G.V. 0aBUSINESS STATISTICS bNEW DELHI : NEW AGE